8vo Curso internacional de agricultura de precisión y 3er Expo de máquinas precisas : Resúmenes de trabajos presentados /

Guardado en:
Autores Corporativos: Curso internacional de agricultura de precisión Manfredi), Instituto Nacional de Tecnología Agropecuaria (Argentina). Estación Experimental Agropecuaria Manfredi.
Formato: Libro
Idioma:Spanish
Publicado: Manfredi, 2008.
Etiquetas: Agregar Etiqueta
Sin Etiquetas, Sea el primero en etiquetar este registro!
LEADER 00766nam a22001575a 4500
001 EEA.libagro009153
005 20161007120103.0
008 130809s2008####ag#a##########100#0#spa#d
082 0 4 |a 631.3 
111 2 |a Curso internacional de agricultura de precisión  |n (8 :  |d 14 al 16 de octubre de 2008 :  |c Manfredi) 
245 1 0 |a 8vo Curso internacional de agricultura de precisión y 3er Expo de máquinas precisas :  |b Resúmenes de trabajos presentados /  |c EEA INTA Manfredi. 
260 |a Manfredi,  |c 2008. 
300 |a 218 p. :  |b ilus. ;  |c 30 cm. 
500 |a Proyecto nacional agricultura de precisión. 
710 2 |a Instituto Nacional de Tecnología Agropecuaria (Argentina).  |b Estación Experimental Agropecuaria Manfredi. 
859 |a AR-BbBCA  |b BIB. AGRONOMIA  |h 631.3  |i C977 8 2008  |p 2013/6219